[Event "Druga liga CS-Istok 2007"]
[Site "Prolom Banja"]
[Date "2007.10.14"]
[Round "6.1"]
[White "Vojinovic, Goran"]
[Black "Biljanic, Ljubomir"]
[Result "1/2-1/2"]
[WhiteElo "2463"]
[BlackElo "2290"]
[PlyCount "32"]
[EventDate "2007.09.09"]

1. d4 Nf6 2. c4 e6 3. Nf3 Bb4+ 4. Nbd2 b6 5. g3 Bb7 6. Bg2 Ne4 7. O-O Nxd2 8.
Bxd2 Bxd2 9. Qxd2 d6 10. d5 e5 11. Qc3 O-O 12. Nd2 Nd7 13. f4 Re8 14. f5 Nf6
15. b4 Qd7 16. b5 a6 1/2-1/2

[Event "Druga liga CS-Istok 2007"]
[Site "Prolom Banja"]
[Date "2007.10.14"]
[Round "6.1"]
[White "Pantic, Milivoje"]
[Black "Milosevic, Aleksandar"]
[Result "1/2-1/2"]
[WhiteElo "2161"]
[BlackElo "2287"]
[PlyCount "63"]
[EventDate "2007.09.09"]

1. d4 Nf6 2. c4 e6 3. g3 c5 4. d5 exd5 5. cxd5 d6 6. Nc3 g6 7. Nf3 Bg7 8. Bg2
O-O 9. O-O Na6 10. Bf4 Nc7 11. a4 h6 12. h3 Nh5 13. Bc1 a6 14. e4 Rb8 15. a5 b5
16. axb6 Rxb6 17. Re1 Re8 18. Ra2 Bb7 19. Bd2 Ba8 20. Na4 Rb5 21. Bc3 Qb8 22.
Nd2 Bxc3 23. bxc3 f6 24. Ra1 Rb7 25. Nc4 Nb5 26. Qd2 Kh7 27. Ne3 Ree7 28. Bf3
Qf8 29. Bxh5 gxh5 30. Nf5 Re5 31. c4 Rxf5 32. cxb5 1/2-1/2

[Event "Druga liga CS-Istok 2007"]
[Site "Prolom Banja"]
[Date "2007.10.14"]
[Round "6.1"]
[White "Jevtic, Sasa"]
[Black "Vulicevic, Bratimir"]
[Result "1-0"]
[WhiteElo "2162"]
[BlackElo "2169"]
[PlyCount "84"]
[EventDate "2007.09.09"]

1. d4 e6 2. Nf3 Nf6 3. e3 d5 4. Bd3 c5 5. c3 Nc6 6. Nbd2 Bd6 7. dxc5 Bxc5 8.
O-O O-O 9. e4 Re8 10. b4 Bf8 11. a3 g6 12. Bb2 Bg7 13. Rc1 Qc7 14. g3 dxe4 15.
Nxe4 Nxe4 16. Bxe4 Bd7 17. Qe2 Ne7 18. c4 Bc6 19. Bxg7 Kxg7 20. Qb2+ Kg8 21.
Rfe1 Nf5 22. Ng5 e5 23. Bd5 Bxd5 24. cxd5 Qd8 25. Ne4 Nd6 26. Nc5 b6 27. Nd3 f6
28. f4 e4 29. Nf2 b5 30. Rc6 f5 31. Qd4 a6 32. Nh3 Rc8 33. Rd1 e3 34. Ng5 e2
35. Re1 Rxc6 36. dxc6 Qe7 37. Nf3 Nc4 38. Kf2 Nxa3 39. Ne5 Nc2 40. Qd5+ Kg7 41.
Rxe2 Nxb4 42. Qd4 Qf6 1-0

[Event "Druga liga CS-Istok 2007"]
[Site "Prolom Banja"]
[Date "2007.10.14"]
[Round "6.1"]
[White "Djukic, Stevan"]
[Black "Nesic, Nebojsa"]
[Result "1/2-1/2"]
[WhiteElo "2175"]
[BlackElo "2171"]
[PlyCount "35"]
[EventDate "2007.09.09"]

1. d4 Nf6 2. c4 e6 3. Nc3 d5 4. Nf3 dxc4 5. e3 c5 6. Bxc4 a6 7. O-O Nc6 8. dxc5
Qxd1 9. Rxd1 Bxc5 10. a3 b5 11. Be2 O-O 12. Nd2 Bb7 13. b4 Be7 14. Bb2 Rac8 15.
Nb3 Rfd8 16. Bf3 Rd7 17. Rxd7 Nxd7 18. Ne4 1/2-1/2

[Event "Druga liga CS-Istok 2007"]
[Site "Prolom Banja"]
[Date "2007.10.14"]
[Round "6.1"]
[White "Nikolajevic, Branislav"]
[Black "Radosavljevic, Novica"]
[Result "1/2-1/2"]
[WhiteElo "2165"]
[BlackElo "2116"]
[PlyCount "100"]
[EventDate "2007.09.09"]

1. e4 e5 2. Nf3 d6 3. d4 Nf6 4. Nc3 Nbd7 5. Be2 Be7 6. O-O O-O 7. h3 c6 8. Be3
Qc7 9. Qd2 b5 10. a3 a6 11. Rfe1 Bb7 12. Bf1 Rfe8 13. Bg5 Nf8 14. Rad1 Rad8 15.
d5 c5 16. Nh4 h6 17. Bxf6 Bxf6 18. Nf5 Ng6 19. g3 Bc8 20. h4 Ne7 21. Ne3 g6 22.
Na2 Bd7 23. c4 Bg7 24. b4 f5 25. Rc1 f4 26. Ng2 fxg3 27. fxg3 bxc4 28. Bxc4
cxb4 29. Nxb4 Qa7+ 30. Kh2 Bc8 31. Nc6 Qd7 32. Nxd8 Rxd8 33. Qe3 Kh7 34. Rf1
Ng8 35. Rf2 Nf6 36. Be2 Qh3+ 37. Kg1 Bg4 38. Bf1 Bh5 39. Rc7 Rd7 40. Ne1 Qg4
41. Be2 Rxc7 42. Bxg4 Nxg4 43. Qb6 Rc3 44. Rf3 Rc1 45. Qb4 g5 46. Qd2 Rc4 47.
hxg5 Rxe4 48. Rf1 Rd4 49. Qc2+ e4 50. gxh6 Rd3 1/2-1/2

[Event "Druga liga CS-Istok 2007"]
[Site "Prolom Banja"]
[Date "2007.10.14"]
[Round "6.2"]
[White "Raicevic, Ivica"]
[Black "Zafirovski, Mite"]
[Result "1/2-1/2"]
[WhiteElo "2323"]
[BlackElo "2256"]
[PlyCount "23"]
[EventDate "2007.09.09"]

1. c4 Nf6 2. Nc3 e6 3. Nf3 Bb4 4. g3 O-O 5. Bg2 d5 6. cxd5 exd5 7. a3 Be7 8. d4
c6 9. Bg5 Nbd7 10. O-O h6 11. Bxf6 Nxf6 12. b4 1/2-1/2

[Event "Druga liga CS-Istok 2007"]
[Site "Prolom Banja"]
[Date "2007.10.14"]
[Round "6.2"]
[White "Bojovic, Dusan"]
[Black "Bura, Goran"]
[Result "1-0"]
[WhiteElo "2222"]
[BlackElo "2263"]
[PlyCount "113"]
[EventDate "2007.09.09"]

1. e4 c5 2. Nf3 e6 3. d4 cxd4 4. Nxd4 a6 5. Bd3 Nf6 6. O-O Qc7 7. Nc3 b5 8. a4
b4 9. Na2 Nc6 10. Nb3 Bd6 11. h3 Bf4 12. Bxf4 Qxf4 13. Qd2 Qb8 14. a5 O-O 15.
f4 d6 16. Qe3 Bd7 17. Nac1 Qa7 18. Qxa7 Rxa7 19. Nd2 Rb8 20. Ncb3 Kf8 21. Rae1
e5 22. f5 Ne7 23. Nc4 Nc8 24. g4 h6 25. Kf2 Bc6 26. Rg1 Re7 27. h4 g5 28. hxg5
hxg5 29. Ncd2 Bb5 30. Nf3 Nh7 31. Rh1 f6 32. Rd1 Na7 33. Ne1 Rc8 34. Ng2 Bxd3
35. cxd3 Rc2+ 36. Rd2 Rec7 37. Ke2 Kg7 38. Ne3 Rxd2+ 39. Kxd2 Nf8 40. Nd5 Rc6
41. Nxb4 Rc7 42. Rc1 Rb7 43. Nxa6 Nb5 44. Rc6 Nd7 45. Nb4 Nb8 46. Rb6 Rxb6 47.
axb6 Kf7 48. Na5 Nd4 49. Kc3 Ke8 50. Nd5 Kf7 51. Kb4 Nf3 52. b7 Nh2 53. Ne3 Ke7
54. Kb5 Kd7 55. Kb6 d5 56. Ka7 d4 57. Nd5 1-0

[Event "Druga liga CS-Istok 2007"]
[Site "Prolom Banja"]
[Date "2007.10.14"]
[Round "6.2"]
[White "Milenkovic, Slavisa"]
[Black "Rilak, Slavoljub"]
[Result "1-0"]
[WhiteElo "2179"]
[BlackElo "2089"]
[PlyCount "59"]
[EventDate "2007.09.09"]

1. c4 e5 2. Nc3 Nf6 3. g3 d5 4. cxd5 Nxd5 5. Bg2 Nf6 6. Qb3 c6 7. Nf3 Bd6 8. d3
h6 9. O-O O-O 10. a4 Nbd7 11. d4 exd4 12. Nxd4 Bc5 13. Qc4 Bb6 14. Bf4 Bc7 15.
Bxc7 Qxc7 16. a5 Ne5 17. Qb3 a6 18. Na4 Bd7 19. Rfc1 Rab8 20. Nc5 Rfd8 21. e3
Ne8 22. f4 Ng6 23. Qc3 Nd6 24. e4 Bc8 25. Kh1 Nf8 26. b4 Qe7 27. Re1 Ne6 28.
Ndxe6 Bxe6 29. f5 Nb5 30. Qe5 1-0

[Event "Druga liga CS-Istok 2007"]
[Site "Prolom Banja"]
[Date "2007.10.14"]
[Round "6.3"]
[White "Djokic, Vladan"]
[Black "Madjar, Stanislav"]
[Result "1-0"]
[WhiteElo "2282"]
[BlackElo "2176"]
[PlyCount "117"]
[EventDate "2007.09.09"]

1. e4 Nf6 2. e5 Nd5 3. d4 d6 4. exd6 exd6 5. Bc4 Nb6 6. Bd3 Be7 7. Ne2 Nc6 8.
c3 O-O 9. Qc2 h6 10. O-O Re8 11. Nd2 d5 12. f4 Bg4 13. Ng3 Bh4 14. Bh7+ Kh8 15.
Bf5 Bxf5 16. Nxf5 Bf6 17. Nf3 Ne7 18. Ne5 Kg8 19. Rf3 Qc8 20. Ng3 Bh4 21. Nf1
Nf5 22. g4 Nd6 23. Qg2 Bf6 24. Nd3 Ne4 25. g5 hxg5 26. fxg5 Bd8 27. Ne5 Rf8 28.
g6 fxg6 29. Rxf8+ Kxf8 30. Qxg6 Kg8 31. Qf7+ Kh7 32. Qh5+ Kg8 33. Ne3 Qe6 34.
Ng6 Nf6 35. Qh8+ Kf7 36. Ne5+ Ke7 37. Qxg7+ Kd6 38. Qg6 c6 39. Nf5+ Kc7 40. Bf4
Kc8 41. Ng4 Nbd7 42. Nd6+ Kc7 43. Nxf6 Bxf6 44. Nc4+ Kc8 45. Ne3 b6 46. Qg4
Qxg4+ 47. Nxg4 Kb7 48. Nxf6 Nxf6 49. Be3 Ne4 50. h3 Rg8+ 51. Kh2 c5 52. Rg1 Rf8
53. h4 a5 54. Rg2 a4 55. a3 Kc6 56. Kh3 Nf2+ 57. Kh2 Ne4 58. Kg1 Kb5 59. h5 1-0

[Event "Druga liga CS-Istok 2007"]
[Site "Prolom Banja"]
[Date "2007.10.14"]
[Round "6.3"]
[White "Zivanovic, Nenad"]
[Black "Kajganovic, Miodrag"]
[Result "1/2-1/2"]
[WhiteElo "2187"]
[BlackElo "2271"]
[PlyCount "90"]
[EventDate "2007.09.09"]

1. e4 c5 2. Nc3 Nc6 3. g3 g6 4. Bg2 Bg7 5. d3 d6 6. f4 e6 7. Nf3 Nge7 8. Be3
Qb6 9. Rb1 O-O 10. O-O Nd4 11. Ne2 Bd7 12. c3 Nxf3+ 13. Bxf3 Qc7 14. d4 Rad8
15. Qb3 b6 16. Rbd1 Nc6 17. Bf2 Na5 18. Qc2 Bb5 19. dxc5 dxc5 20. e5 Rxd1 21.
Rxd1 Rd8 22. b3 Rxd1+ 23. Qxd1 Qd7 24. Qxd7 Bxd7 25. Kf1 Bc6 26. Bxc6 Nxc6 27.
Ke1 f6 28. exf6 Bxf6 29. Kd2 Kf7 30. Kd3 Ke7 31. Kc4 Kd7 32. Kb5 Nb8 33. a4 Bd8
34. b4 a6+ 35. Kc4 cxb4 36. cxb4 Bc7 37. b5 a5 38. Nd4 Kd6 39. Nf3 Nd7 40. Ng5
h5 41. Ne4+ Ke7 42. Bd4 Kf7 43. Bb2 Ke7 44. Ba3+ Kf7 45. Kd4 Kg7 1/2-1/2

[Event "Druga liga CS-Istok 2007"]
[Site "Prolom Banja"]
[Date "2007.10.14"]
[Round "6.3"]
[White "Keca, Dragomir"]
[Black "Ilic, Aleksandar"]
[Result "0-1"]
[WhiteElo "2213"]
[BlackElo "2081"]
[PlyCount "67"]
[EventDate "2007.09.09"]

1. c4 e5 2. Nc3 Nf6 3. Nf3 Nc6 4. g3 d5 5. cxd5 Nxd5 6. Bg2 Nb6 7. O-O Be7 8.
a3 O-O 9. b4 Be6 10. Rb1 f6 11. d3 a5 12. b5 Nd4 13. Nxd4 exd4 14. Na4 Bd5 15.
Nxb6 cxb6 16. Qa4 Bxg2 17. Kxg2 Rc8 18. Bb2 Qd5+ 19. Kg1 Bc5 20. Rbc1 Rcd8 21.
Qc4 Rfe8 22. Rfe1 Kf8 23. Qxd5 Rxd5 24. Rc4 Kf7 25. Kf1 h5 26. h4 Re6 27. Rec1
g5 28. R1c2 gxh4 29. gxh4 Re8 30. Ra4 Rg8 31. f3 Rdd8 32. Kf2 f5 33. Bc1 Be7
34. Rc7 0-1

[Event "Druga liga CS-Istok 2007"]
[Site "Prolom Banja"]
[Date "2007.10.14"]
[Round "6.3"]
[White "Djukic, Slobodan D"]
[Black "Ilic, Slobodan"]
[Result "1/2-1/2"]
[WhiteElo "2190"]
[BlackElo "2179"]
[PlyCount "75"]
[EventDate "2007.09.09"]

1. e4 c5 2. Nf3 e6 3. d4 cxd4 4. c3 dxc3 5. Nxc3 d6 6. Bc4 Nc6 7. O-O Nf6 8.
Qe2 Be7 9. Rd1 e5 10. h3 O-O 11. Bg5 Be6 12. Bb5 Qb6 13. Be3 Qa5 14. Nd5 Bxd5
15. exd5 Nb8 16. b4 Qxb4 17. Rab1 Qa5 18. Bc4 Nbd7 19. Rxb7 Rfb8 20. Rdb1 Rxb7
21. Rxb7 Bf8 22. Qb2 e4 23. Nd2 Ne5 24. Bb3 Qa6 25. Rc7 Qe2 26. Qd4 Qe1+ 27.
Kh2 Nd3 28. Nxe4 Nxe4 29. Qxe4 Nxf2 30. Qf3 Nd3 31. Qxf7+ Kh8 32. Bd4 Ne5 33.
Qf2 Qb4 34. Rxa7 Re8 35. Bc2 Qb8 36. Qh4 h6 37. Qe4 g6 38. Qxg6 1/2-1/2

[Event "Druga liga CS-Istok 2007"]
[Site "Prolom Banja"]
[Date "2007.10.14"]
[Round "6.3"]
[White "Stankovic, Dejan"]
[Black "Kostic, Dalibor"]
[Result "1/2-1/2"]
[WhiteElo "2226"]
[BlackElo "2053"]
[PlyCount "38"]
[EventDate "2007.09.09"]

1. e4 e5 2. Nf3 Nc6 3. Bb5 a6 4. Ba4 Nf6 5. d4 exd4 6. O-O Be7 7. Re1 b5 8. e5
Nxe5 9. Rxe5 d6 10. Re1 bxa4 11. Nxd4 Bd7 12. Qf3 O-O 13. Nc6 Bxc6 14. Qxc6 Nd7
15. Qxa4 Bf6 16. Nd2 Nc5 17. Qc6 Re8 18. Ne4 Nxe4 19. Rxe4 d5 1/2-1/2

[Event "Druga liga CS-Istok 2007"]
[Site "Prolom Banja"]
[Date "2007.10.14"]
[Round "6.4"]
[White "Stojanovic, Zlatko"]
[Black "Brankovic, Dejan"]
[Result "1-0"]
[WhiteElo "2225"]
[BlackElo "2395"]
[PlyCount "73"]
[EventDate "2007.09.09"]

1. e4 Nf6 2. e5 Nd5 3. d4 d6 4. Bc4 Nb6 5. Bb3 Nc6 6. e6 d5 7. exf7+ Kxf7 8.
Nf3 e6 9. Nc3 Be7 10. Bf4 Bd7 11. O-O Rf8 12. Ne2 Na5 13. Re1 Kg8 14. Bg3 Bd6
15. Qc1 Qf6 16. c3 Nxb3 17. axb3 Bb5 18. Qc2 h6 19. Nc1 a6 20. Ne5 Bxe5 21.
Bxe5 Qe7 22. Nd3 Bxd3 23. Qxd3 Rac8 24. Re3 Nd7 25. Rae1 Nxe5 26. Rxe5 Rf6 27.
Qe3 c5 28. Rxd5 cxd4 29. Rxd4 Rd8 30. Red1 Rxd4 31. Rxd4 Rf8 32. Qe5 Rf5 33.
Qe2 Qf6 34. Re4 Rd5 35. g3 Rd6 36. Rb4 b5 37. Re4 1-0

[Event "Druga liga CS-Istok 2007"]
[Site "Prolom Banja"]
[Date "2007.10.14"]
[Round "6.4"]
[White "Zlatanovic, Boroljub"]
[Black "Ilcic, Radoslav"]
[Result "1-0"]
[WhiteElo "2371"]
[BlackElo "2201"]
[PlyCount "60"]
[EventDate "2007.09.09"]

1. Nc3 d5 2. e4 dxe4 3. Nxe4 Nd7 4. d4 Ngf6 5. Ng5 h6 6. N5f3 e6 7. Bc4 a6 8.
a4 Nb6 9. Bb3 c5 10. a5 Nbd5 11. Ne2 cxd4 12. Qxd4 Bd6 13. c4 Nb4 14. c5 Bxc5
15. Qxd8+ Kxd8 16. O-O Ke7 17. Bd2 Nbd5 18. Ne5 Rd8 19. Rac1 Ne4 20. Be1 Bd6
21. Nc4 Bb8 22. f3 Nd6 23. Bf2 Nxc4 24. Bxc4 Bd7 25. Bxd5 exd5 26. Bb6 Re8 27.
Nc3 Be6 28. Rfe1 Kf6 29. Bd4+ Kg6 30. Na4 Bf4 1-0

[Event "Druga liga CS-Istok 2007"]
[Site "Prolom Banja"]
[Date "2007.10.14"]
[Round "6.4"]
[White "Stankovic, Nemanja"]
[Black "Marinkovic, Vojkan"]
[Result "1/2-1/2"]
[WhiteElo "2085"]
[BlackElo "2065"]
[PlyCount "111"]
[EventDate "2007.09.09"]

1. d4 e6 2. c4 b6 3. Nf3 Bb7 4. e3 f5 5. Be2 Nf6 6. O-O Be7 7. b3 O-O 8. Bb2
Ne4 9. Nbd2 Nxd2 10. Qxd2 d6 11. b4 Nd7 12. Rfd1 Qc8 13. Rac1 Nf6 14. Qe1 a5
15. b5 Ne4 16. Nd2 Nxd2 17. Qxd2 Qe8 18. f3 Rd8 19. a4 Qg6 20. Rf1 Rf7 21. Bd3
Qh6 22. Rce1 Bf6 23. Bb1 g6 24. Ba2 Re7 25. Qc2 Qg7 26. Rd1 Kh8 27. Rf2 Rde8
28. c5 d5 29. c6 Bc8 30. Ba3 Rf7 31. Bb2 Be7 32. Qd3 Ref8 33. Ba3 Qf6 34. f4 h6
35. Kh1 Rg8 36. Bxe7 Qxe7 37. Rg1 g5 38. g3 Rfg7 39. Bb1 g4 40. Kg2 h5 41. Rh1
h4 42. Bc2 Rh7 43. Rff1 Rg6 44. Qb3 Rgh6 45. Qb1 Kg8 46. Rfg1 Kf8 47. Qb2 hxg3
48. hxg3 Rh3 49. Rxh3 Rxh3 50. Rh1 Rxh1 51. Kxh1 Ke8 52. Bd3 Kf7 53. Kg1 Kg7
54. Kf1 Qf8 55. Kg1 Kg6 56. Kg2 1/2-1/2

[Event "Druga liga CS-Istok 2007"]
[Site "Prolom Banja"]
[Date "2007.10.14"]
[Round "6.5"]
[White "Djuric, Ranko"]
[Black "Stojanovic, Dusan"]
[Result "1/2-1/2"]
[WhiteElo "2156"]
[BlackElo "2176"]
[PlyCount "24"]
[EventDate "2007.09.09"]

1. e4 e6 2. d4 d5 3. Nd2 dxe4 4. Nxe4 b6 5. Nf3 Bb7 6. Bd3 Nf6 7. Qe2 Be7 8.
Bd2 Nbd7 9. O-O-O O-O 10. Kb1 Nxe4 11. Bxe4 Bxe4 12. Qxe4 Nf6 1/2-1/2